|
|
|
|
| LEADER |
00000nam a2200000 a 4500 |
| 001 |
vtls010278562 |
| 003 |
SK-MaSNL |
| 005 |
20260301173101.0 |
| 007 |
co bg auuua |
| 008 |
240314s2011 xo fsp 000 0 slo |
| 015 |
|
|
|a SNBS2013
|
| 020 |
|
|
|a 9788080847029
|q (elektronická kniha)
|
| 040 |
|
|
|a SNK
|b slo
|c SNK
|e AACR2
|
| 041 |
0 |
|
|a slo
|
| 044 |
|
|
|a xo
|c SK
|
| 072 |
|
7 |
|a 82.0
|x Literatúra (teória)
|2 konspekt
|
| 080 |
|
|
|a 82.0
|2 2001
|
| 080 |
|
|
|a (075.8)
|2 2001
|
| 080 |
|
|
|a (0.034.44)
|2 2001
|
| 100 |
1 |
|
|a Bžoch, Adam,
|d 1966-
|4 aut
|9 97719
|
| 245 |
1 |
0 |
|a Teórie literatúry
|h elektronický zdroj
|b (skriptá)
|c Adam Bžoch
|
| 260 |
|
|
|a Ružomberok
|b Verbum
|c 2011
|
| 300 |
|
|
|a 1 elektronický optický disk (CD-ROM)
|c 12 cm
|
| 500 |
|
|
|a Názov z titulnej obrazovky
|
| 504 |
|
|
|a Bibliogr. odkazy
|
| 516 |
|
|
|a Textový dokument (skriptá), súbor vo formáte pdf
|
| 538 |
|
|
|a Technické požiadavky: PDF prehliadač
|
| 650 |
0 |
7 |
|a teória literatúry
|2 SNKPH
|9 1238
|
| 650 |
0 |
7 |
|a Theory of literature
|2 SNKPHeng
|9 283113
|
| 655 |
|
7 |
|a elektronické zdroje
|2 SNKPH
|9 90954
|
| 655 |
|
7 |
|a CD-ROM
|2 SNKPH
|9 70236
|
| 655 |
|
7 |
|a učebnice vysokých škôl
|2 SNKPH
|9 70191
|
| 655 |
|
7 |
|a Electronic resources
|2 SNKPHeng
|9 175546
|
| 655 |
|
7 |
|a Textbooks (higher)
|2 SNKPHeng
|9 276436
|
| 856 |
4 |
1 |
|u http://www.ff.ku.sk/Teorie_literatury.pdf
|
| 919 |
|
|
|a 978-80-8084-702-9
|
| 958 |
|
|
|a NB
|
| 958 |
|
|
|a LX
|
| 999 |
|
|
|c 835682
|d 837612
|
| 952 |
|
|
|a SNK
|b SNK
|y PREZ
|7 0
|p 17A0702826
|o snkSCDM 3795
|i snk2011/11142
|8 0
|0 0
|1 0
|4 0
|d 2011-05-16
|l 0
|r 2026-02-24 03:52:31
|w 2026-02-24
|